Unit operations in environmental engineering /

Guardado en:
Otros Autores: Noyes, Robert.
Formato: Libro
Idioma:English
Publicado: Park Ridge, N.J. : Noyes Publications, c1994.
Materias:
Acceso en línea:Descripción
Tabla de contenido
Etiquetas: Agregar Etiqueta
Sin Etiquetas, Sea el primero en etiquetar este registro!
LEADER 00972pam a22002535a 4500
001 EIQ.libpla002783
008 940204s1994####nju######b####001#0#eng#d
005 20070829192620.0
245 0 0 |a Unit operations in environmental engineering /  |c edited by Robert Noyes. 
260 |a Park Ridge, N.J. :  |b Noyes Publications,  |c c1994. 
300 |a xvii, 498 p. ;  |c 27 cm. 
504 |a Incluye referencias bibliográficas e índice. 
020 |a 0815513437 (cloth) 
700 1 |a Noyes, Robert. 
082 0 0 |a 628  |2 20 
650 4 |a Procesos  |x Ingeniería sanitaria. 
650 4 |a Procesos  |x Operaciones unitarias. 
650 4 |a Processes  |x Unit operations. 
650 4 |a Processes  |x Wastewater engineering. 
010 |a  94001324  
040 |a DLC  |c DLC  |d AR-BbSID 
856 4 2 |3 Descripción  |u http://www.loc.gov/catdir/description/wap041/94001324.html 
856 4 1 |3 Tabla de contenido  |u http://www.loc.gov/catdir/toc/wap041/94001324.html 
859 |a AR-BbSID  |b BIB. PLAPIQUI  |h 628  |i N 877  |p 4913